|
|
|
|
| LEADER |
01939nam a2200529 aa4500 |
| 001 |
nkc20142613143 |
| 003 |
CZ PrNK |
| 005 |
20150309151044.0 |
| 007 |
ta |
| 008 |
140820s2014 xr a b p 000 0 cze |
| 015 |
|
|
|a cnb002613143
|
| 020 |
|
|
|a 978-80-7245-301-6
|q (1. díl :
|q brož.)
|
| 020 |
|
|
|a 978-80-7245-302-3
|q (2. díl :
|q brož.)
|
| 035 |
|
|
|a (OCoLC)892781684
|
| 040 |
|
|
|a ABA001
|b cze
|
| 072 |
|
7 |
|a 811.162.3
|x Čeština
|2 Konspekt
|9 11
|
| 072 |
|
7 |
|a 37.016
|x Učební osnovy. Vyučovací předměty. Učebnice
|2 Konspekt
|9 22
|
| 080 |
|
|
|a 811.162.3
|2 MRF
|
| 080 |
|
|
|a 37.016:028-028.31
|2 MRF
|
| 080 |
|
|
|a 37.016:003-028.31
|2 MRF
|
| 080 |
|
|
|a (075.2)
|2 MRF
|
| 080 |
|
|
|a (076.1)
|2 MRF
|
| 100 |
1 |
|
|a Staudková, Hana
|7 jn20001103790
|4 aut
|
| 245 |
1 |
0 |
|a Pracovní sešit ke Slabikáři /
|c [Hana Staudková a kol.]
|
| 250 |
|
|
|a Vyd. 4.
|
| 260 |
|
|
|a Všeň :
|b Alter,
|c 2014
|
| 300 |
|
|
|a 2 sv. ;
|b il. :
|c 29 cm
|
| 500 |
|
|
|a Název z obálky
|
| 505 |
0 |
|
|a 1. díl. 32 s., 8 s. obr. příl. + [8] s. vystřihovánek -- 2. díl. 32, 12 s. + [8] s. vystřihovánek
|
| 650 |
0 |
7 |
|a čeština
|7 ph135292
|2 czenas
|
| 650 |
0 |
7 |
|a čtení
|7 ph128190
|2 czenas
|
| 650 |
0 |
7 |
|a psaní
|7 ph115938
|2 czenas
|
| 650 |
0 |
9 |
|a Czech language
|2 eczenas
|
| 650 |
0 |
9 |
|a reading
|2 eczenas
|
| 650 |
0 |
9 |
|a writing
|2 eczenas
|
| 655 |
|
7 |
|a učebnice základních škol
|7 fd133773
|2 czenas
|
| 655 |
|
7 |
|a slabikáře
|7 fd133441
|2 czenas
|
| 655 |
|
7 |
|a pracovní sešity
|7 fd133116
|2 czenas
|
| 655 |
|
9 |
|a textbooks (elementary)
|2 eczenas
|
| 655 |
|
9 |
|a primers
|2 eczenas
|
| 655 |
|
9 |
|a activity books
|2 eczenas
|
| 910 |
2 |
|
|a BOA001
|b 4-1331.408
|s 1-2
|
| 990 |
|
|
|a BK
|
| 995 |
|
|
|a 01
|
| 991 |
|
|
|b 201409
|c NOV
|e dn
|
| 996 |
6 |
|
|b 2610601848
|c 4-1331.408
|d 1. díl
|v 1
|l MZK
|r Sklad / do 1 hodiny
|n 0
|p p.v.
|w 001450321
|u 000010
|a 1
|e BOA001
|j MZK50
|s P
|
| 996 |
6 |
|
|b 2610618660
|c 4-1331.408
|d 2. díl
|v 2
|l MZK
|r Sklad / do 1 hodiny
|n 0
|p p.v.
|w 001450321
|u 000020
|a 1
|e BOA001
|j MZK50
|s P
|